[Event "Sachsen-Anhalt Landesliga-A 1920"]
[Site "Sachsen Anhalt"]
[Date "2019.10.20"]
[Round "2.2"]
[White "Zeuner, Michael"]
[Black "Hoffmann, Uwe1111"]
[Result "1-0"]
[WhiteElo "2128"]
[BlackElo "1994"]
[PlyCount "73"]
[EventDate "2019.09.29"]
[EventType "team-tourn"]
[EventRounds "9"]
[EventCountry "GER"]
[SourceTitle "EXT 2023"]
[Source "ChessBase"]
[SourceDate "2022.10.05"]
[SourceVersion "1"]
[SourceVersionDate "2022.10.05"]
[SourceQuality "1"]
[WhiteTeam "Magdeburg Aufbau Elbe III"]
[BlackTeam "Magdeburg Rochade II"]
[WhiteTeamCountry "GER"]
[BlackTeamCountry "GER"]

1. d4 d5 2. Bf4 Nf6 3. e3 c5 4. dxc5 Nc6 5. Bb5 g6 6. c3 Bg7 7. Be5 0-0 8. Bxc6 bxc6 9. Qd4 Ne8 10. Bxg7 Nxg7 11. b4 Re8 12. Na3 e5 13. Qd2 a5 14. Nc2 d4 15. cxd4 axb4 16. Ne2 exd4 17. Nexd4 Qd5 18. 0-0 Rxa2 19. Rxa2 Qxa2 20. Ra1 Qd5 21. Qxb4 Bf5 22. Qc3 Be4 23. Nb4 Qg5 24. f3 Bf5 25. e4 Bh3 26. Ra2 Nh5 27. Qd2 Nf4 28. g3 Qxc5 29. gxf4 Qc4 30. Ne2 Rb8 31. Nd3 Rb1+ 32. Kf2 Rb3 33. Ne5 Qc5+ 34. Qd4 Qe7 35. Ra8+ Kg7 36. Nxc6+ Qf6 37. Rg8+ 1-0

[Event "Vaujany op 9th"]
[Site "Vaujany"]
[Date "2018.07.12"]
[Round "1"]
[White "Horvath, Jozsef"]
[Black "Zeuner, Michael"]
[Result "1-0"]
[WhiteElo "2504"]
[BlackElo "2128"]
[PlyCount "61"]
[EventDate "2018.07.12"]
[EventType "swiss"]
[EventRounds "9"]
[EventCountry "FRA"]
[SourceTitle "EXT 2019"]
[Source "ChessBase"]
[SourceDate "2018.10.10"]
[SourceVersion "1"]
[SourceVersionDate "2018.10.10"]
[SourceQuality "1"]

1. c4 e5 2. g3 g6 3. Bg2 Bg7 4. Nc3 d6 5. d3 c5 6. a3 Nc6 7. Rb1 a5 8. e3 Be6 9. Nge2 Nge7 10. Nd5 0-0 11. 0-0 Rb8 12. Nec3 b5 13. Nxe7+ Nxe7 14. Nxb5 d5 15. Qc2 Qd7 16. Bd2 d4 17. exd4 cxd4 18. Bxa5 Rfc8 19. a4 f5 20. b3 f4 21. Qe2 Bh3 22. Bd2 Rf8 23. f3 Bf5 24. Bb4 g5 25. gxf4 gxf4 26. Kh1 Kf7 27. Bxe7 Qxe7 28. b4 Rb6 29. Rg1 Rh6 30. Bf1 Bxd3 31. Qxd3 1-0

[Event "Avoine op 32nd"]
[Site "Avoine"]
[Date "2017.07.27"]
[Round "6"]
[White "Seite, Sullian"]
[Black "Zeuner, Michael"]
[Result "0-1"]
[WhiteElo "1886"]
[BlackElo "2122"]
[PlyCount "64"]
[EventDate "2017.07.22"]
[EventType "swiss"]
[EventRounds "9"]
[EventCountry "FRA"]
[SourceTitle "CBM 179 Extra"]
[Source "ChessBase"]
[SourceDate "2017.08.23"]
[SourceVersion "1"]
[SourceVersionDate "2017.08.23"]
[SourceQuality "1"]

1. c4 Nf6 2. Nc3 e5 3. g3 d5 4. cxd5 Nxd5 5. Bg2 Nb6 6. Nf3 Nc6 7. 0-0 Be7 8. a3 a5 9. d3 Be6 10. Be3 Nd5 11. Rc1 Nxe3 12. fxe3 Bc5 13. Qd2 Qe7 14. Na4 Ba7 15. d4 exd4 16. exd4 0-0 17. e3 Rad8 18. Qf2 Rd5 19. Nc3 Rd7 20. Kh1 Bc4 21. Rfe1 f6 22. Na4 Bd5 23. Nc5 Bxc5 24. Rxc5 Re8 25. Rec1 Nd8 26. Nd2 Bxg2+ 27. Kxg2 Ne6 28. Nb1 Ng5 29. Nc3 Qe6 30. Qf4 Ne4 31. Nb5 Qb6 32. Rxc7 Qxb5 0-1

[Event "Avoine op 32nd"]
[Site "Avoine"]
[Date "2017.07.22"]
[Round "4"]
[White "Belenkaya, Dina"]
[Black "Zeuner, Michael"]
[Result "1-0"]
[WhiteElo "2323"]
[BlackElo "2122"]
[PlyCount "62"]
[EventDate "2017.07.22"]
[EventType "swiss"]
[EventRounds "9"]
[EventCountry "FRA"]
[SourceTitle "CBM 179 Extra"]
[Source "ChessBase"]
[SourceDate "2017.08.23"]
[SourceVersion "1"]
[SourceVersionDate "2017.08.23"]
[SourceQuality "1"]

1. e4 c5 2. Nf3 g6 3. d4 cxd4 4. Nxd4 Bg7 5. Nb3 Nc6 6. Be2 Nf6 7. Nc3 0-0 8. 0-0 a5 9. a4 Nb4 10. Bf3 d6 11. Re1 e5 12. Bg5 h6 13. Bh4 g5 14. Bg3 Be6 15. Nd2 h5 16. h3 g4 17. hxg4 hxg4 18. Be2 Nh5 19. Nf1 Qg5 20. Nb5 f5 21. Nc7 Bd7 22. Nxa8 f4 23. Bc4+ Kh7 24. Nb6 fxg3 25. fxg3 Bc6 26. c3 Nxg3 27. Nxg3 Qh4 28. cxb4 Qxg3 29. Qe2 Bh6 30. Ra3 Qh4 31. g3 Qh3 1-0

[Event "Oberliga Ost-A 1112"]
[Site "Germany"]
[Date "2012.01.14"]
[Round "6.8"]
[White "Zeuner, Michael"]
[Black "Dobierzin, Olaf"]
[Result "1-0"]
[WhiteElo "2178"]
[BlackElo "2107"]
[PlyCount "47"]
[EventDate "2011.09.25"]
[EventType "team-tourn"]
[EventRounds "11"]
[EventCountry "GER"]
[SourceTitle "EXT 2013"]
[Source "ChessBase"]
[SourceDate "2012.11.22"]
[SourceVersion "1"]
[SourceVersionDate "2012.11.22"]
[SourceQuality "1"]
[WhiteTeam "Magdeburg Aufbau Elbe"]
[BlackTeam "Leipzig SG II"]
[WhiteTeamCountry "GER"]
[BlackTeamCountry "GER"]

1. d4 Nf6 2. Nc3 d6 3. e4 Nbd7 4. f4 e5 5. Nf3 exd4 6. Nxd4 c6 7. Be2 Nc5 8. Bf3 Be7 9. Be3 Qc7 10. Qe2 a5 11. g4 h6 12. 0-0-0 a4 13. h4 Qa5 14. Bd2 a3 15. b3 Qb6 16. g5 hxg5 17. hxg5 Rxh1 18. Rxh1 Ng8 19. Rh8 Kf8 20. Qh2 Nd3+ 21. cxd3 Qxd4 22. Qh7 Ke8 23. Qxg8+ Kd7 24. Qe8+ 1-0

[Event "Oberliga Ost-A 1011"]
[Site "Germany"]
[Date "2011.04.09"]
[Round "10.7"]
[White "Buerckner, Georg"]
[Black "Zeuner, Michael"]
[Result "1/2-1/2"]
[WhiteElo "2014"]
[BlackElo "2196"]
[PlyCount "61"]
[EventDate "2010.10.24"]
[EventType "team-tourn"]
[EventRounds "11"]
[EventCountry "GER"]
[SourceTitle "EXT 2012"]
[Source "ChessBase"]
[SourceDate "2011.11.24"]
[SourceVersion "1"]
[SourceVersionDate "2011.11.24"]
[SourceQuality "1"]
[WhiteTeam "Sangerhausen"]
[BlackTeam "Magdeburg Aufbau Elbe"]
[WhiteTeamCountry "GER"]
[BlackTeamCountry "GER"]

1. e4 e5 2. d4 exd4 3. c3 d5 4. exd5 Qxd5 5. cxd4 Nc6 6. Nf3 g5 7. Nc3 Bb4 8. Bd2 Bxc3 9. Bxc3 Bg4 10. Be2 Nge7 11. 0-0 0-0-0 12. Qa4 Rhe8 13. Bc4 Qf5 14. Ne5 Nxe5 15. dxe5 Qf4 16. Rac1 Be2 17. Bb5 Qxa4 18. Bxa4 Bxf1 19. Bxe8 Rxe8 20. Kxf1 Nd5 21. Re1 Kd7 22. Bd2 Rg8 23. Ke2 Ke6 24. Kf3 Nb6 25. Ke4 Nc4 26. Bc3 Rd8 27. g3 Nd2+ 28. Ke3 Nc4+ 29. Ke4 Nd2+ 30. Ke3 Nc4+ 31. Ke4 1/2-1/2

[Event "Oberliga Ost-A 0910"]
[Site "Germany"]
[Date "2009.11.28"]
[Round "5.2"]
[White "Jahnel, Guenther"]
[Black "Zeuner, Michael"]
[Result "0-1"]
[WhiteElo "2343"]
[BlackElo "2187"]
[PlyCount "68"]
[EventDate "2009.10.18"]
[EventType "team-tourn"]
[EventRounds "11"]
[EventCountry "GER"]
[SourceTitle "EXT 2011"]
[Source "ChessBase"]
[SourceDate "2010.11.26"]
[SourceVersion "1"]
[SourceVersionDate "2010.11.26"]
[SourceQuality "1"]
[WhiteTeam "Hoyerswerda"]
[BlackTeam "Magdeburg Aufbau Elbe"]
[WhiteTeamCountry "GER"]
[BlackTeamCountry "GER"]

1. d4 Nf6 2. c4 g6 3. Nc3 d5 4. Nf3 Bg7 5. cxd5 Nxd5 6. e4 Nxc3 7. bxc3 c5 8. Bb5+ Nc6 9. 0-0 cxd4 10. cxd4 0-0 11. Be3 Bg4 12. Bxc6 bxc6 13. Rc1 Qa5 14. Qe2 Rfd8 15. Rc5 Qa4 16. Rc4 Qb5 17. a4 Qb3 18. Rfc1 Rab8 19. Qe1 Bxf3 20. gxf3 e5 21. dxe5 Bxe5 22. Kg2 Qa2 23. f4 Bg7 24. Bxa7 Rb7 25. Be3 Rb2 26. Qa5 Bf6 27. Rxc6 Bh4 28. Rf1 Re2 29. Kf3 Rd3 30. Rc8+ Kg7 31. Qe5+ Kh6 32. f5+ Bg5 33. Rc3 Rxf2+ 34. Kg4 Qe2+ 0-1

[Event "Oberliga Ost-A 0809"]
[Site "Germany"]
[Date "2009.03.29"]
[Round "11.7"]
[White "Zeuner, Michael"]
[Black "Just, Wolfgang"]
[Result "1/2-1/2"]
[WhiteElo "2163"]
[BlackElo "2144"]
[PlyCount "107"]
[EventDate "2008.10.12"]
[EventType "team-tourn"]
[EventRounds "11"]
[EventCountry "GER"]
[SourceTitle "EXT 2010"]
[Source "ChessBase"]
[SourceDate "2010.11.25"]
[SourceVersion "1"]
[SourceVersionDate "2010.11.25"]
[SourceQuality "1"]
[WhiteTeam "Magdeburg Aufbau Elbe"]
[BlackTeam "Leipzig Lok II"]
[WhiteTeamCountry "GER"]
[BlackTeamCountry "GER"]

1. e4 e6 2. d4 d5 3. Nc3 Bb4 4. e5 c5 5. a3 Ba5 6. b4 cxb4 7. Nb5 Nc6 8. axb4 Bxb4+ 9. c3 Be7 10. Ba3 Bxa3 11. Rxa3 Nh6 12. Nd6+ Kf8 13. Qb3 Qc7 14. f4 f6 15. Nf3 Nf7 16. Nxf7 Kxf7 17. Bd3 Bd7 18. 0-0 Na5 19. Qa2 b6 20. f5 exf5 21. exf6 gxf6 22. Bxf5 Nc4 23. Bxd7 Qxd7 24. Ne5+ Nxe5 25. dxe5 Rhe8 26. Rxf6+ Kg7 27. Rd6 Qf5 28. Rxd5 Re7 29. c4 Qe4 30. h3 Kh8 31. Rg3 Rg8 32. Rxg8+ Kxg8 33. Qf2 Rf7 34. Qg3+ Qg6 35. Rd8+ Rf8 36. Qxg6+ hxg6 37. Rd7 a5 38. Rd6 Kf7 39. Rf6+ Ke7 40. Rxb6 Ra8 41. Kf2 a4 42. Rb2 Ke6 43. Ke3 Kxe5 44. Ra2 Kd6 45. Kd4 Kc6 46. Ra3 Ra6 47. g3 g5 48. h4 gxh4 49. gxh4 Ra5 50. h5 Rxh5 51. Rxa4 Rh4+ 52. Kc3 Rh1 53. Ra6+ Kc5 54. Ra5+ 1/2-1/2

[Event "Oberliga Ost-A 0708"]
[Site "Germany"]
[Date "2008.04.19"]
[Round "10.7"]
[White "Zeuner, Michael"]
[Black "Missbach, Bernd"]
[Result "0-1"]
[WhiteElo "2164"]
[BlackElo "2142"]
[PlyCount "128"]
[EventDate "2007.09.23"]
[EventType "team-tourn"]
[EventRounds "11"]
[EventCountry "GER"]
[SourceTitle "EXT 2009"]
[Source "ChessBase"]
[SourceDate "2008.11.26"]
[SourceVersion "1"]
[SourceVersionDate "2008.11.26"]
[SourceQuality "1"]
[WhiteTeam "Magdeburg Aufbau Elbe"]
[BlackTeam "Jena Jenapharm"]
[WhiteTeamCountry "GER"]
[BlackTeamCountry "GER"]

1. g3 g6 2. Bg2 Bg7 3. e4 c5 4. c3 Nc6 5. Nf3 d6 6. d4 cxd4 7. cxd4 Qb6 8. Nc3 Nxd4 9. Nxd4 Qxd4 10. Qb3 Qc5 11. Be3 Bxc3+ 12. bxc3 Qc7 13. 0-0 Nf6 14. h3 Nd7 15. f4 Nc5 16. Qd5 Bd7 17. Rab1 Bc6 18. Qc4 b6 19. Rf2 Rc8 20. f5 f6 21. Bh6 b5 22. Qd4 Nd7 23. c4 bxc4 24. Qxc4 Ne5 25. Qb3 Nf7 26. Be3 Qa5 27. Rc1 0-0 28. fxg6 hxg6 29. Bd4 Kg7 30. Qe6 Bd7 31. Qxe7 Rxc1+ 32. Kh2 Qd8 33. Qxf6+ Qxf6 34. Rxf6 Kh7 35. h4 Rc2 36. Bxa7 Rxa2 37. Bd4 Rc2 38. Kg1 Bc6 39. Bh3 Bxe4 40. Be6 Kg8 41. g4 Rg2+ 42. Kf1 Rh2 43. h5 gxh5 44. g5 Rd2 45. Bc3 Rd3 46. Bb2 Rf3+ 47. Rxf3 Bxf3 48. g6 Rb8 49. Bd4 Be4 50. gxf7+ Kf8 51. Be3 Kg7 52. Bd4+ Kf8 53. Be3 Ke7 54. Bh6 Rf8 55. Kf2 Bg6 56. Ke3 Bxf7 57. Bxf8+ Kxf8 58. Bh3 Ke7 59. Kf4 Be6 60. Bg2 Kf6 61. Be4 h4 62. Bf3 Bh3 63. Ke3 Ke5 64. Bh1 Be6 0-1

[Event "Oberliga Ost-A 0607"]
[Site "Germany"]
[Date "2007.02.04"]
[Round "5.6"]
[White "Zeuner, Michael"]
[Black "Biel, Maik"]
[Result "1-0"]
[WhiteElo "2156"]
[BlackElo "2190"]
[PlyCount "95"]
[EventDate "2006.10.15"]
[EventType "team-tourn"]
[EventRounds "11"]
[EventCountry "GER"]
[SourceTitle "EXT 2008"]
[Source "ChessBase"]
[SourceDate "2007.11.25"]
[SourceVersion "1"]
[SourceVersionDate "2007.11.25"]
[SourceQuality "1"]
[WhiteTeam "Magdeburg Aufbau Elbe"]
[BlackTeam "Liebschwitz"]
[WhiteTeamCountry "GER"]
[BlackTeamCountry "GER"]

1. d4 Nf6 2. c4 g6 3. Nc3 d5 4. h4 Bg7 5. h5 gxh5 6. cxd5 Nxd5 7. Rxh5 Nxc3 8. bxc3 Nd7 9. Qd3 c5 10. Rxh7 Rxh7 11. Qxh7 Bf8 12. Nf3 cxd4 13. cxd4 Nf6 14. Qd3 Qd5 15. e3 Bd7 16. Ne5 Ba4 17. Qc4 Qxc4 18. Bxc4 e6 19. Rb1 Rb8 20. Bd2 Ne4 21. Bb4 Bxb4+ 22. Rxb4 b5 23. Bb3 Bxb3 24. Rxb3 Rb6 25. f3 Nd6 26. Rc3 a5 27. Rc6 Rxc6 28. Nxc6 Nc4 29. Ke2 f6 30. Na7 Na3 31. Nc6 Nc4 32. Nb8 Kd8 33. Na6 Kd7 34. Nc5+ Kd6 35. Ne4+ Ke7 36. Nc5 e5 37. dxe5 Nxe5 38. Ne4 b4 39. Nc5 Nc4 40. Kd3 Na3 41. Nb7 a4 42. Nc5 b3 43. axb3 axb3 44. Nxb3 Nb5 45. Nd4 Nd6 46. g4 Nf7 47. f4 Nd6 48. Nf5+ 1-0

[Event "Nord West Cup 05th"]
[Site "Bad Zwischenahn"]
[Date "2003.??.??"]
[Round "3"]
[White "Zeuner, Michael"]
[Black "Becker, Markus"]
[Result "1-0"]
[WhiteElo "2165"]
[BlackElo "1889"]
[PlyCount "77"]
[EventDate "2003.02.??"]
[EventType "swiss"]
[EventRounds "7"]
[EventCountry "GER"]
[SourceTitle "EXT 2004"]
[Source "ChessBase"]
[SourceDate "2003.11.25"]
[SourceVersion "1"]
[SourceVersionDate "2003.11.25"]
[SourceQuality "1"]

1. e4 c5 2. Nf3 e6 3. b3 Nc6 4. Bb2 d5 5. Nc3 d4 6. Ne2 Bd6 7. g3 Nf6 8. d3 e5 9. Bg2 Bd7 10. h3 b5 11. a4 a6 12. Nd2 0-0 13. 0-0 Qc7 14. f4 Rfc8 15. f5 Na5 16. c4 bxa4 17. bxa4 Rab8 18. Qc2 Rb7 19. g4 Ne8 20. g5 f6 21. h4 Rcb8 22. Bc1 Bc6 23. Ng3 Qd7 24. Bf3 Rb4 25. Bd1 Be7 26. g6 h6 27. Nh5 Nc7 28. Rf3 Na8 29. Qa2 R4b7 30. Nf1 Nb3 31. Bxh6 gxh6 32. Bxb3 Rxb3 33. Qd2 Bd8 34. Qxh6 R3b7 35. Rg3 Bxe4 36. g7 Bxf5 37. Qh8+ Kf7 38. g8Q+ Ke7 39. Qxf6# 1-0